|
|
|
|
| LEADER |
00000nam0a2200000 4500 |
| 001 |
181410 |
| 005 |
20231101223622.0 |
| 010 |
|
|
|a 9785915320061
|
| 035 |
|
|
|a (RuTPU)RU\TPU\book\196651
|
| 090 |
|
|
|a 181410
|
| 100 |
|
|
|a 20100607d2008 m y0rusy50 ca
|
| 101 |
0 |
|
|a rus
|
| 102 |
|
|
|a RU
|
| 105 |
|
|
|a a z 000zy
|
| 200 |
1 |
|
|a Свет Христов просвещает всех
|a Томской духовной семинарии -150 лет
|e фотоальбом
|f общая ред. архиепископа Томского и Асиновского Ростислава (Девятова) ; лит. ред. Д. Н. Коростелев ;художественное оформление Е. Васечкина ; специальная фотосъемка протоиерея А. Классена
|
| 210 |
|
|
|a Томск
|c ИД СК-С
|d 2008
|
| 215 |
|
|
|a 224 с.
|c цв. ил.
|
| 300 |
|
|
|a Проект Андрея Олеара
|
| 606 |
1 |
|
|a Православие
|x История
|2 stltpush
|3 (RuTPU)RU\TPU\subj\51083
|9 69694
|
| 606 |
1 |
|
|a Томск, г.
|x История
|2 stltpush
|3 (RuTPU)RU\TPU\subj\67226
|9 83109
|
| 610 |
1 |
|
|a религия
|
| 610 |
1 |
|
|a Сибирь
|
| 610 |
1 |
|
|a история
|
| 610 |
1 |
|
|a духовная семинария
|
| 610 |
1 |
|
|a религиозное образование
|
| 610 |
1 |
|
|a учебные процессы
|
| 686 |
|
|
|a Э372-3
|v LBC/SL-A
|2 rubbk
|
| 686 |
|
|
|a Т3(253.3-4Том)
|v LBC/SL-A
|2 rubbk
|
| 702 |
|
0 |
|a Ростислав (Девятов)
|c архиепископ
|4 340
|
| 702 |
|
0 |
|a Коростелев
|b Д. Н.
|g Дмитрий Николаевич
|4 340
|
| 702 |
|
1 |
|a Васечкин
|b Е.
|g Евгений
|4 040
|
| 702 |
|
1 |
|a Классен
|b А.
|g Александр
|4 600
|
| 801 |
|
1 |
|a RU
|b 63413507
|c 20100607
|
| 801 |
|
2 |
|a RU
|b 63413507
|c 20180124
|g RCR
|
| 942 |
|
|
|c BK
|